000 00982nam a22002417a 4500
999 _c2042
_d2042
003 AR-CdUCM
008 190228b ||||| |||| 00| 0 spa d
020 _a9506940444
040 _aMUNICIPALIDAD PROVINCIAL DEL CUSCO
_cBIBLIOTECA MUNICIPAL DEL CUSCO
082 _a327.73 /
_bG13
100 _aGaddis, Jlohn Lewis
_97401
245 _aEstrategias de la contención :
_buna evaluación crítica de la política de seguridad norteamericana de posguerra /
260 _aBuenos Aires :
_bGel ,
_c1989.
300 _a448 páginas ;
_c22 cm.
440 _aEstudios internacionales
_95058
500 _ael código de barra del segundo ejemplar esta pintado y malogrado.
505 _aLa contención antes de Kennan -- George F. Kennan y la estrategia de la contención -- Implemento de contención -- La guerra de Corea...
650 _aLa guerra de Corea.
_97402
650 _aVietnam.
_91498
650 _aContención.
_97403
942 _2ddc
_cLIBROS
945 _awfj
_d2019-02-28